• 首页
  • 本馆介绍
  • 公告通知
  • 最新文献
  • 馆藏检索
  • 电子资源
  • 读者荐购
  • 参考咨询
  • CALIS
  • 我的图书馆
  • 登录
  • 详细信息显示
  • 放入我的书架
  • 预约/预借图书
  • 作者相关作品
  • 分类相关作品
  • 丛书相关作品
  • 出版社相关作品

书目信息

  • 表格格式
  • 工作单格式
  • 卡片格式
题名:
现代办公室工作指南
    
 
作者: 高纯德 主编
分册:  
出版信息: 北京   电子工业出版社  1992.02
页数: 712页
开本: 32开
丛书名:
单 册:
中图分类: TP317.1
科图分类:
主题词: 软件
电子资源:
ISBN: 7-5053-1580-3
 
 
 
 
 
000 00557nam0 2200193 45
001 0003241096
005 20000324102401.3
010    @a7-5053-1580-3@d17.00元
100    @a20000324d1992 km y0chiy0120 ea
101    @achi
105    @a z 000yy
200 1  @a现代办公室工作指南@AXian Dai Ban Gong Shi Gong ZuoZhi Nan@f高纯德主编@FGao Chun De Zhu Bian
210    @a北京@c电子工业出版社@d1992.02
215    @a712页@d32开
606 0  @a软件
690    @aTP317.1@v3
701    @a高纯德@4主编
801    @aCN@bPftUser@c20000324
905    @f1@b51267@dTP317.1@eG133
    
    现代办公室工作指南/高纯德主编.-北京:电子工业出版社,1992.02
    712页;32开
    
    
    ISBN 7-5053-1580-3:17.00元
    
●
相关链接 在E读中查询图书 在当当中查询图书 在豆瓣中查询图书


正题名:现代办公室工作指南     索取号:TP317.1/G133         预约/预借

序号 登录号 条形码 馆藏地/架位号 状态 备注
1 51267   200512677   自科二线404/404自科库 23排6列2层/ [索取号:TP317.1/G133] 在馆    
河南城建学院图书馆 欢迎您!
大连网信软件有限公司© 版权所有